LIBRARY ONLINE CATALOGUE

Modern law of criminal procedure in Kenya. (Record no. 11653)

MARC details
000 -LEADER
fixed length control field 01889cam a22004092 4500
001 - CONTROL NUMBER
control field 0000025353
005 - DATE AND TIME OF LATEST TRANSACTION
control field 20151217154521.0
008 - FIXED-LENGTH DATA ELEMENTS--GENERAL INFORMATION
fixed length control field 150723s xx 000 0 eng d
020 ## - INTERNATIONAL STANDARD BOOK NUMBER
International Standard Book Number 1482803723 :
040 ## - CATALOGING SOURCE
Original cataloging agency KABU
Transcribing agency KABU
100 1# - MAIN ENTRY--PERSONAL NAME
Personal name Munyao, Sila.
-- 0000185996
245 10 - TITLE STATEMENT
Title Modern law of criminal procedure in Kenya.
260 ## - PUBLICATION, DISTRIBUTION, ETC. (IMPRINT)
Place of publication, distribution, etc. South Africai :
Name of publisher, distributor, etc. Partridge,
Date of publication, distribution, etc. 2014.
300 ## - PHYSICAL DESCRIPTION
Extent xl, 328 p.
650 #0 - SUBJECT ADDED ENTRY--TOPICAL TERM
Topical term or geographic name as entry element Criminal procedure
Geographic subdivision Kenya.
-- 0000160341
852 1# - LOCATION
-- p2750 KES
852 1# - LOCATION
-- p2750 KES
852 1# - LOCATION
-- p2750 KES
852 1# - LOCATION
-- p2750 KES
852 1# - LOCATION
-- p2750 KES
852 1# - LOCATION
-- p2750 KES
852 1# - LOCATION
-- p2750 KES
852 1# - LOCATION
-- p2750 KES
852 1# - LOCATION
-- p2750 KES
852 1# - LOCATION
-- p2750 KES
852 1# - LOCATION
-- p2750 KES
852 1# - LOCATION
-- p2750 KES
852 1# - LOCATION
-- p2750 KES
852 1# - LOCATION
-- p2750 KES
852 1# - LOCATION
-- p2750 KES
852 1# - LOCATION
-- p2750 KES
852 1# - LOCATION
-- p2750 KES
852 1# - LOCATION
-- p2750 KES
852 1# - LOCATION
-- p2750 KES
908 ## - PUT COMMAND PARAMETER (RLIN)
Put command parameter 150723
950 ## - LOCAL HOLDINGS (RLIN)
-- 1
Holdings
Withdrawn status Lost status Source of classification or shelving scheme Not for loan Home library Current library Date acquired Total Checkouts Total Renewals Full call number Barcode Date last seen Date last checked out Price effective from Koha item type Damaged status
    Library of Congress Classification   Kabarak, Main Campus Kabarak, Main Campus 17/12/2015 2 1 KSK4610 .M86 2014 c. 4 018990 30/06/2016 16/05/2016 17/12/2015 General Collection  
    Library of Congress Classification   Kabarak, Main Campus Kabarak, Main Campus 17/12/2015 26 3 KSK4610 .M86 2014 c. 6 019001 31/03/2026 27/03/2026 17/12/2015 General Collection  
    Library of Congress Classification   Kabarak, Main Campus Kabarak, Main Campus 17/12/2015 29 4 KSK4610 .M86 2014 c. 11 019000 22/04/2026 23/02/2026 17/12/2015 General Collection  
    Library of Congress Classification   Kabarak, Main Campus Kabarak, Main Campus 17/12/2015 13 3 KSK4610 .M86 2014 c. 13 023958 08/12/2025 14/11/2025 17/12/2015 General Collection  
    Library of Congress Classification   Kabarak, Main Campus Kabarak, Main Campus 17/12/2015 29 2 KSK4610 .M86 2014 c. 14 018983 17/04/2026 17/02/2026 17/12/2015 General Collection  
    Library of Congress Classification   Kabarak, Main Campus Kabarak, Main Campus 17/12/2015 35 7 KSK4610 .M86 2014 c. 19 018998 07/04/2026 18/03/2026 17/12/2015 General Collection  
    Library of Congress Classification   Kabarak, Main Campus Kabarak, Main Campus 17/12/2015 28 3 KSK4610 .M86 2014 c. 2 018984 27/03/2026 16/03/2026 17/12/2015 General Collection  
    Library of Congress Classification   Kabarak, Main Campus Kabarak, Main Campus 17/12/2015 27 3 KSK4610 .M86 2014 c. 7 018989 31/03/2026 27/03/2026 17/12/2015 General Collection  
    Library of Congress Classification   Kabarak, Main Campus Kabarak, Main Campus 17/12/2015 29 3 KSK4610 .M86 2014 c. 3 018992 21/04/2026 27/03/2026 17/12/2015 General Collection  
  Lost and Paid For Library of Congress Classification   Kabarak, Main Campus Kabarak, Main Campus 17/12/2015 10 4 KSK4610 .M86 2014 c. 10 018988 31/01/2022 21/11/2017 17/12/2015 General Collection  
    Library of Congress Classification   Kabarak, Main Campus Kabarak, Main Campus 17/12/2015 26 6 KSK4610 .M86 2014 c. 16 018994 08/04/2026 08/04/2026 17/12/2015 General Collection  
    Library of Congress Classification   Kabarak, Main Campus Kabarak, Main Campus 17/12/2015 1   KSK4610 .M86 2014 c. 5 018986 11/06/2016 21/05/2016 17/12/2015 General Collection  
    Library of Congress Classification   Kabarak, Main Campus Kabarak, Main Campus 17/12/2015 29 6 KSK4610 .M86 2014 c. 15 018991 12/03/2026 23/02/2026 17/12/2015 General Collection  
    Library of Congress Classification   Kabarak, Main Campus Kabarak, Main Campus 17/12/2015 35 2 KSK4610 .M86 2014 c. 18 018997 02/04/2026 19/03/2026 17/12/2015 General Collection  
    Library of Congress Classification   Kabarak, Main Campus Kabarak, Main Campus 17/12/2015 32 5 KSK4610 .M86 2014 c. 20 018999 10/03/2026 23/02/2026 17/12/2015 General Collection  
  Lost Library of Congress Classification   Kabarak, Main Campus Kabarak, Main Campus 17/12/2015 5 2 KSK4610 .M86 2014 c. 17 018995 25/05/2017 25/05/2017 17/12/2015 General Collection  
  Lost Library of Congress Classification   Kabarak, Main Campus Kabarak, Main Campus 17/12/2015 4 1 KSK4610 .M86 2014 c. 12 018982 20/06/2017 20/06/2017 17/12/2015 General Collection  
  Lost Library of Congress Classification   Kabarak, Main Campus Kabarak, Main Campus 17/12/2015 1   KSK4610 .M86 2014 c. 8 018993 16/05/2016 16/05/2016 17/12/2015 General Collection  
    Library of Congress Classification   Kabarak, Main Campus Kabarak, Main Campus 17/12/2015 36 5 KSK4610 .M86 2014 c. 9 018985 09/12/2025 02/12/2025 17/12/2015 General Collection  
    Library of Congress Classification   Kabarak, Main Campus Kabarak, Main Campus 17/12/2015 8   KSK4610 .M86 2014 c. 1 018987 09/10/2019 19/09/2019 17/12/2015 Africana Collection